Open Data Biblioteca Nacional de Portugal


República Portuguesa: Ministério da Cultura
Biblioteca Nacional de Portugal

Catálogo da BNP: acesso por Identificadores Unívocos
Registos Bibliográficos associados ao registo de autoridade

Etiqueta de registo: 00254nam 2200025 450
001 2283855
003 http://id.bnportugal.gov.pt/bib/catbnp/2283855
100 ## $a20260805d2012 m y0pory01030103ba
101 0# $apor
102 ## $aPT
105 ## $ay z 000yy
106 ## $ar
200 1# $a Os órfãos do mar$fpor Walter Booth$gtrad. Gus Peterson
210 #9 $a[Lisboa]$cJosé Pires,$d2012
215 ## $a2 vols.$ctodo il.$d21 cm
225 2# $aFandaventuras.$iEspecial$v1; 2
305 ## $aPublicação independente (fanzine) com produção e distribuição limitada
317 ## $aColeção Leandro de Moraes Sarmento$5L.M.S. 566 e L.M.S. 567
327 11 $aO gavião dos mares: Vol. 1: Primeira parte da saga (106 p.). - Vol. 2: Segundo episódio (96 p.)
517 1# $a O gavião dos mares
606 ## $aBanda desenhada$2SIPOR$31993752
606 ## $aLiteratura juvenil$2SIPOR$31248816
620 ## $dLisboa
675 ## $a741.5$vBN$zpor$3793872
675 ## $a087.5$vmed$zpor$3287999
700 #1 $91$aBooth,$bWalter,$f1892–1971$31994976
702 #1 $aPires,$bJosé,$f1935-2022$4730$3197193
801 #0 $aPT$bBN$gRPC
966 ## $dVol. 1$lBN$mFGMON$pBiblioteca particular Leandro de Moraes Sarmento$sL.M.S. 566 $x3
966 ## $dVol. 2$lBN$mFGMON$pBiblioteca particular Leando de Moraes Sarmento$sL.M.S. 567 $x3

OpendataBNP@bnportugal.pt | Mais informação sobre acesso aos dados BNP